000 00539nam a2200169 i 4500
001 91140
003 ES-MaACL
005 20230906180642.0
007 t|
008 050127s1926 sp ||||1| spa d
100 1 _aLeonov, Leonid Maksimovich.
_971694
245 1 4 _aLos tejones /
_cLeonov ; novela traducida del ruso por Tatiana Enco de Valero.
260 _aMadrid :
_b[s.n.,
_c1926] (
_fImp. G. Hernández y Galo Saez)
300 _a310 p. ;
_c23 cm.
700 0 _aEnco de Valero, Tatiana.
_947193
852 _aES-MaACL
_jA-4599
_bR.16602
999 _c91140
_d91140